MEDICINAL PLANTS (Record no. 5442)

MARC details
000 -LEADER
fixed length control field 00343nam a22001457a 4500
005 - DATE AND TIME OF LATEST TRANSACTION
control field 20170409141627.0
008 - FIXED-LENGTH DATA ELEMENTS--GENERAL INFORMATION
fixed length control field 170409b xxu||||| |||| 00| 0 eng d
020 ## - INTERNATIONAL STANDARD BOOK NUMBER
ISBN 978-81-237-0752-5
041 ## - LANGUAGE CODE
Language code of text/sound track or separate title eng
100 ## - MAIN ENTRY--AUTHOR NAME
Personal name JAIN, S.K.
245 ## - TITLE STATEMENT
Title MEDICINAL PLANTS
260 ## - PUBLICATION, DISTRIBUTION, ETC. (IMPRINT)
Place of publication INDIA
Name of publisher NATIONAL BOOK TRUST
Year of publication 1968
300 ## - PHYSICAL DESCRIPTION
Number of Pages 216
942 ## - ADDED ENTRY ELEMENTS (KOHA)
Koha item type Books
Holdings
Lost status Damaged status Collection code Home library Current library Shelving location Date acquired Source of acquisition Cost, normal purchase price Full call number Accession Number Koha item type
    AGRICULTURE JRU Library JRU Library SHELF-43-B 09/04/2017 PURCHESS 120.00 615.32 21751 Books
    AGRICULTURE JRU Library JRU Library SHELF-43-B 09/04/2017 PURCHESS 120.00 615.32 21752 Books
    AGRICULTURE JRU Library JRU Library SHELF-43-B 09/04/2017 PURCHESS 120.00 615.32 21753 Books
    AGRICULTURE JRU Library JRU Library SHELF-43-B 09/04/2017 PURCHESS 120.00 615.32 21754 Books
    Reference JRU Library JRU Library SHELF-2-B 09/04/2017 PURCHESS 120.00 615.32 21755 Books